Quản lý nhà nước đối với hệ thống ngân hàng thương mại : Thực trạng và giải pháp /
Gespeichert in:
| 1. Verfasser: | |
|---|---|
| Format: | Artikel |
| Sprache: | Vietnamese |
| Schlagworte: | |
| Tags: |
Tag hinzufügen
Keine Tags, Fügen Sie den ersten Tag hinzu!
|
| Thư viện lưu trữ: | Thư viện Trường Đại học Đà Lạt |
|---|
| LEADER | 00840nam a2200265 4500 | ||
|---|---|---|---|
| 001 | DLU120136806 | ||
| 005 | ##20120619 | ||
| 040 | # | # | |a DLU |b vie |
| 041 | # | # | |a vie |
| 044 | # | # | |a vn |
| 100 | # | # | |a Trịnh Thị Thủy. |
| 245 | # | # | |a Quản lý nhà nước đối với hệ thống ngân hàng thương mại : |b Thực trạng và giải pháp / |c Trịnh Thị Thủy. |
| 653 | # | # | |a Hoạt động kinh doanh |
| 653 | # | # | |a Quản lí nhà nước |
| 653 | # | # | |a Tiền tệ |
| 773 | # | # | |t Tạp chí Quản lý nhà nước |g Số 3(170), 2010, tr. 24-28 |
| 920 | # | # | |a Phòng Tạp chí -- Trung tâm Thông tin - Thư viện Trường Đại học Đà Lạt |
| 994 | # | # | |a DLU |
| 900 | # | # | |a True |
| 911 | # | # | |a Nguyễn Thị Linh Chi |
| 925 | # | # | |a G |
| 926 | # | # | |a A |
| 927 | # | # | |a BB |
| 980 | # | # | |a Thư viện Trường Đại học Đà Lạt |